12 lecciones de pedagogía, educación y didáctica

I tiakina i:
Ngā taipitopito rārangi puna kōrero
Kaituhi matua: Torre Zermeño, Francisco de la (Author)
Hōputu: Pukapuka
Reo:Pāniora
I whakaputaina: Ciudad de México Alfaomega 2005
Putanga:1a. ed
Ngā marau:
Ngā Tūtohu: Tāpirihia he Tūtohu
Kāore He Tūtohu, Me noho koe te mea tuatahi ki te tūtohu i tēnei pūkete!

MARC

LEADER 00000nam a2200000 a 4500
001 UCK9122
003 CL-VaPUC
008 060421e20050000MX |||||||||||||||||spa|d
020 |a 9701510267 
082 0 4 |a 370.1  |b TOR  |2 21 
100 0 |a Torre Zermeño, Francisco de la  |e author  |9 498830 
245 1 0 |a 12 lecciones de pedagogía, educación y didáctica 
250 |a 1a. ed 
300 |a 263 p 
942 |c BK 
945 |d 20060421 00:00:00  |a cmena 
260 |a Ciudad de México  |b Alfaomega  |c 2005 
650 0 |a Filosofía de la educación   |9 258384 
650 0 |a Métodos de enseñanza  |9 270413 
650 0 |a Medios de comunicación  |9 257206 
650 0 |a Constructivismo  |9 268156 
650 0 |a Psicología educacional   |9 307830 
583 |a last modification  |c 20130101 10:01:01  |k Rodrigo Vera 
999 |c 316407  |d 316405 
952 |0 0  |1 0  |4 0  |6 370_100000000000000_TOR_2005  |7 0  |8 A  |9 390776  |a FDOPOS  |b FDOPOS  |d 2019-11-22  |i 4209834  |o 370.1 TOR 2005  |p 4209834  |r 2023-08-09  |w 2019-11-22  |y BK  |k MLA